000 00927nam a22002297a 4500
003 OSt
005 20250910112337.0
008 240815b ||||| |||| 00| 0 eng d
040 _c0
082 _aDPer 510.5 Am351 October-December 2019 v. 141 n. 5-6
100 _aDe Pauw, Thierry.
_eauthor.
_957931
245 _aPartial regularity of almost minimizing rectifiable G chains in hilbert space /
_cThierry De Pauw and Roger Zust.
260 _aBaltimore, Maryland U.S. ;
_bJohns Hopkins University Press ,
_c December 2019.
300 _aVolume 141, pages 1591-1705 :
_billustration ;
_c26 cm.
500 _aAmerican Journals of Mathematics, vol. 141, no. 6, pages 1591-1705, December 2019.
650 _aMathematics.
_960514
650 _aMathematical analysis.
_915001
650 _aMetric system.
_947732
700 _aDe Pauw, Thierry.
_eauthor.
_957932
700 _aZust, Roger.
_eauthor.
_957933
942 _2ddc
_cPER
999 _c20510
_d20510